Visualizzazione normale
Vista MARC
- Schwarz Arturo
di Personal Name
Records bibliografici associati: 1
001 - CONTROL NUMBER
- control field: 61328
003 - CONTROL NUMBER IDENTIFIER
- control field:
005 - DATE AND TIME OF LATEST TRANSACTION
- control field: 20250107125344.0
008 - FIXED-LENGTH DATA ELEMENTS
- fixed length control field: 250107|| aca||aabn | a|a d
040 ## - CATALOGING SOURCE
- Original cataloging agency:
- Transcribing agency:
100 ## - HEADING--PERSONAL NAME
- Personal name: Schwarz Arturo
670 ## - SOURCE DATA FOUND
- Source citation: Work cat.: ()209859: Schwarz Arturo, La donna e l'amore al tempo dei miti., 2009